¿Adónde va la ayuda?
Gespeichert in:
| Format: | Text |
|---|---|
| Tags: |
Tag hinzufügen
Keine Tags, Fügen Sie den ersten Tag hinzu!
|
MARC
| LEADER | 00000 a a2200000 04500 | ||
|---|---|---|---|
| 001 | 45942 | ||
| 003 | |||
| 040 | |||
| 245 | |a ¿Adónde va la ayuda? | ||
| 773 | |g volumen14, número378 (1994), páginas 17-24 | ||
| 999 | |c 17827 |d 17827 | ||
